000 00577nam a2200181Ia 4500
008 090630s9999 xx 000 0 und d
082 _b17754
100 _aनगर्सेकर सुरेश.
245 _aरामबाण.
_cनगर्सेकर सुरेश.
260 _bमनोरमा - मुंबई.
300 _a0
600 _aनगर्सेकर सुरेश.
630 _aरामबाण.
655 _aइतर.
700 _aनगर्सेकर सुरेश.
730 _aरामबाण.
942 _cBOOK
999 _c269610
_d269610